| 000 | 00796nam0a22002411 4500 | ||
|---|---|---|---|
| 001 | rc\2771859 | ||
| 005 | 20250806210014.0 | ||
| 035 | _a(NLR Aleph) 006898223 | ||
| 090 |
_a27793 _c27793 |
||
| 100 | _a20110915d1941 u y0rusy50 ca | ||
| 101 | 0 | _arus | |
| 102 | _aRU | ||
| 105 | _aa z ||||| | ||
| 200 | 1 |
_aИнструкция по пользованию детскими противогазами ДПК-1 и ДПП-1 _fГлав. упр. местной ПВО НКВД СССР |
|
| 210 |
_aМосква _cВоениздат _d1941 |
||
| 215 |
_a20 с. _cил. _d14 см. |
||
| 801 | 0 |
_aRU _bNLR _gpsbo |
|
| 801 | 1 |
_aRU _bELAR _2rusmarc |
|
| 852 |
_aNLR _jВ60 Г-2/1439 |
||
| 942 | _cBOOK | ||
| 945 | _aРоссийская национальная библиотека | ||
| 980 | _aNB | ||
| 980 | _aBV | ||